Central Library OPAC University of Rajshahi

Easy parsing and analysis / (Record no. 50709)

MARC details
000 -LEADER
fixed length control field 00681nam a22002293 4500
001 - CONTROL NUMBER
control field 50709
003 - CONTROL NUMBER IDENTIFIER
rucl marc code BD-RJUL
005 - DATE AND TIME OF LATEST TRANSACTION
control field 20211209075542.0
008 - FIXED-LENGTH DATA ELEMENTS--GENERAL INFORMATION
fixed length control field 160828s1963 enk 000 0 eng
035 ## - SYSTEM CONTROL NUMBER
System control number BD-RJUL 50829
040 ## - CATALOGING SOURCE
Original cataloging agency BD-RjUL
Language of cataloging eng
Transcribing agency BD-RjUL
041 ## - LANGUAGE CODE
Language code of text/sound track or separate title eng
082 ## - DEWEY DECIMAL CLASSIFICATION NUMBER
Edition number 23
Classification number 425
Author mark and year NEE 1963
100 1# - MAIN ENTRY--PERSONAL NAME
Personal name Nesfield, John Collinson.
9 (RLIN) 151818
245 10 - TITLE STATEMENT
Title Easy parsing and analysis /
Statement of responsibility, etc. John Collinson Nesfield
260 ## - PUBLICATION, DISTRIBUTION, ETC. (IMPRINT)
Place of publication, distribution, etc. Lond. &c. :
Name of publisher, distributor, etc. Macmillan,
Date of publication, distribution, etc. 1963
300 ## - PHYSICAL DESCRIPTION
Pagination 112 p. :
Size ill. ;
Illustrations 21 cm.
650 ## - SUBJECT ADDED ENTRY--TOPICAL TERM
Topical term or geographic name as entry element Lingua inglese
General subdivision Grammatica
9 (RLIN) 151819
690 00 - LOCAL SUBJECT ADDED ENTRY--TOPICAL TERM (OCLC, RLIN)
Topical term or geographic name as entry element English language
752 ## - ADDED ENTRY--HIERARCHICAL PLACE NAME
Country or larger entity England
City London
942 ## - ADDED ENTRY ELEMENTS (KOHA)
Source of classification or shelving scheme Dewey Decimal Classification
Koha item type Books
Holdings
Lost status Source of classification or shelving scheme Damaged status Not for loan Collection code Permanent Location Current Location Shelving location Date acquired Source of acquisition Cost, normal purchase price Total Checkouts Full call number Date last seen Copy number Koha item type
  Dewey Decimal Classification     Non-fiction Central Library, University of Rajshahi Central Library, University of Rajshahi   21/01/1967 Kamala Book 3.35   425 NEE 1963 28/08/2016 C-2 Books